Kam v Bratislave programový mesačník

Bibliographic Details
New Title:Open
Format: Journal
Language:Slovak
PhysicalDescription:29 zv. 25 cm
Published: Bratislava Bratislavská informačná služba 1975-2004
ISSN:1335-485X
Subjects:
Online Access:http://www.bis.bratislava.sk

MARC

LEADER 00000cas a2200000 a 4500
001 vtls008882314
003 SK-MaSNL
005 20260425194220.0
008 020403c19752004xo mr p r 0 0 b0slo
022 |a 1335-485X 
035 |a (SVKBB03)vtls000110748 
040 |a SVKBB  |b slo  |c SVKBB  |d SNK  |e AACR2 
041 0 |a slo 
044 |a xo  |c SK 
072 7 |a 316.7  |x Sociológia kultúry. Kultúrny život  |2 konspekt 
080 |a 316.7  |2 2011 
080 |a 008  |2 2011 
080 |a 908(437.6)  |2 2011 
080 |a 050  |2 2011 
210 0 |a Kam v Bratislave 
222 0 |a Kam v Bratislave 
245 0 0 |a Kam v Bratislave  |b programový mesačník 
260 |a Bratislava  |b Bratislavská informačná služba  |c 1975-2004 
300 |a 29 zv.  |c 25 cm 
310 |a 1x mesačne 
362 |a 1976-roč. 28, č. 1 (2004) 
500 |a Registračné č. MK SR: 473/91 
650 0 7 |a kultúra  |2 SNKPH  |9 886 
650 0 7 |a kultúrne podujatia  |2 SNKPH  |9 71676 
651 7 |a Bratislava (Slovensko)  |2 SNKPH  |9 14568 
655 7 |a programy  |2 SNKPH  |9 70598 
785 0 0 |t Open 
856 4 0 |u http://www.bis.bratislava.sk 
910 |a snk 
910 |a svkbb 
999 |c 7294  |d 9224 
952 |t č. 1-12, neúplné  |a SNK  |b SNK  |y PREZ  |7 0  |p 17A1327743  |o snkČSC 3847/2001  |i snk2018/15658  |8 0  |z Chýba č. 8  |0 0  |1 0  |4 0  |d 2018-07-23  |l 0  |r 2026-02-21 22:19:32  |w 2026-02-21 
952 |t č. 1-12  |a SNK  |b SNK  |y PREZ  |7 0  |p 17A1327744  |o snkČSC 3847/26/2002  |i snk2018/15698  |8 0  |z od č. 9 uvádzajú ročník 26  |0 0  |1 0  |4 0  |d 2018-07-23  |l 0  |r 2026-02-21 22:19:33  |w 2026-02-21 
952 |t č. 1-12  |a SNK  |b SNK  |y PREZ  |7 0  |p 17A1327745  |o snkČSC 3847/27/2003  |i snk2018/15699  |8 0  |0 0  |1 0  |4 0  |d 2018-07-23  |l 0  |r 2026-02-21 22:19:33  |w 2026-02-21 
952 |t č. 1  |a SNK  |b SNK  |y PREZ  |7 0  |p 17A1327746  |o snkČSC 3847/28/2004  |i snk2018/15700  |8 0  |0 0  |1 0  |4 0  |d 2018-07-23  |l 0  |r 2026-02-21 22:19:33  |w 2026-02-21